000 005460000a22001930004500
999 _c48719
_d48719
001 1559
003 CO-MdFUSB
005 20171107154810.0
008 171031b xxu||||| |||| 00| 0 eng d
020 _a958-30-0663-7
040 _cCO-MdBIC
082 0 4 _a863N W462m
100 1 _aWells, H. G.
245 1 0 _aLa máquina del tiempo / H. G. Wells ; traducción Enrique Santos Molano ; ilustrado por Jorge Alberto Avila
260 _aSantafé de Bogotá : Panamerican editorial
300 _a176 P.
650 1 4 _aNovela inglesa
942 _cLGB